| 000 | 00825nam a2200169 4500 | ||
|---|---|---|---|
| 008 | 0 1980 0aeft000 0MEX | ||
| 020 | _a968-25-0597-6 | ||
| 082 | _a620.103 G594e | ||
| 100 | _aGinsberg, Jerry H. | ||
| 245 | _aEst tica / Jerry H. Ginsberg | ||
| 250 | _a1a | ||
| 260 | _aMéxico : Interamericana | ||
| 300 | _axiii, 437p. / 25cm. | ||
| 500 | _aIncluye ap‚ndice. | ||
| 650 | _a1. ESTÁTICA \ 2. SISTEMAS DE FUERZAS CONCURRENTES Y EQUILIBRIO DE UNA PARTÍCULA \ 3. SISTEMAS GENERALES DE FUERZAS Y EQUILIBRIOS DE CUERPOS RÍGIDOS \ 4. ESTRUCTURAS \ 5. FUERZAS DISTRIBUIDAS \ 6. ANÁLISIS DE FUERZAS INTERNAS \ 7. FRICCIÓN \ 8. MÉTODOS PARA DETERMINAR EL TRABAJO VIRTUAL Y LA ENERGÍA \ 9. MOMENTOS DE ÁREA Y PRODUCTOS DE INERCIA | ||
| 700 | _aI. Genin, Joseph, Aut. \ II. Rubio Su rez, José M. | ||
| 999 |
_c21891 _d21891 |
||